000 01256nab a2200229 i 4500
001 768714001
003 CO-MdFUSB
005 20260305192445.0
008 240731t1987 -us||||| |||| 00| 0 eng d
040 _bspa
_cCO-MdFUSB
_dCO-MdFUSB
041 _aeng
100 _aHorner, Norman A.
_eautor
245 1 4 _aThe Association of Professors of Mission in North America :
_bthe first thirty-five years, 1952 - 1987
_c/ Norman A. Horner
520 _aSus orígenes se remontan a aquellos acontecimientos de la Conferencia Misionera Mundial de 1910 en Edimburgo, Escocia, cuando se formó la Asociación de Maestros Misioneros de América del Norte. En el este de los Estados Unidos, un grupo de maestros misioneros comenzó a reunirse informalmente ya en 1917 para compartir sus investigaciones a través de artículos y discusiones sobre temas de los misioneros.
546 _aTexto en inglés.
650 0 _aMisiones
_9154
650 0 _aEvangelización
_9362
650 7 _aTeología pastoral
_9227
773 0 _049483
_982883
_oR2711
_tInternational Bulletinof Missionary Research
_w(CO-MdFUSB)768714001
_x0272-6122
_gVolumen 11, (número 3, 1987), páginas: 120 - 124
_qpágina: 120
942 _cANA
945 _aCatherine Arias Álvarez - Practicante SENA
999 _c70642
_d70642